Normal view
MARC view
Entry Personal Name
001 - CONTROL NUMBER
- control field: 13093
003 - CONTROL NUMBER IDENTIFIER
- control field: PK-LaUMT
005 - DATE AND TIME OF LATEST TRANSACTION
- control field: 20260618164257.0
008 - FIXED-LENGTH DATA ELEMENTS
- fixed length control field: 260618|| aca||aabn | a|a d
040 ## - CATALOGING SOURCE
- Original cataloging agency: PK-LaUMT
- Transcribing agency: PK-LaUMT
100 ## - HEADING--PERSONAL NAME
- Personal name: Anderson, Elijah
670 ## - SOURCE DATA FOUND
- Source citation: Work cat.: (PK-LaUMT)141240: Anderson, Elijah, Black in white space the enduring impact of color in everyday life /, 2022
